[Event "Asian Zonal 3.3 Women 2019"]
[Site "Ulaanbaatar"]
[Date "2019.04.07"]
[Round "1.9"]
[White "Nguyen, Thi Thanh An"]
[Black "Anu, Bayar"]
[Result "1/2-1/2"]
[WhiteElo "2264"]
[BlackElo "2146"]
[Annotator "TA"]
[PlyCount "55"]
[EventDate "2019.04.07"]
[EventType "swiss"]
[EventRounds "9"]
[EventCountry "MGL"]
[SourceTitle "playchess.com"]
[Source "ChessBase"]
[SourceQuality "1"]

{[%evp 26,55,0,0,0,0,0,7,37,0,0,0,12,0,-10,-29,0,0,38,22,42,6,14,0,12,0,0,0,5,0,6,0]} 1. d4 Nf6 2. c4 g6 3. Nc3 Bg7 4. Nf3 O-O 5. g3 d6 6. Bg2 Nbd7 7. O-O e5 8. e4 exd4 9. Nxd4 Re8 10. h3 a6 11. Be3 Rb8 12. Qc2 c5 13. Nde2 b5 14. Rad1 Qc7 {E68: King's Indian: Fianchetto: 6...Nbd7 7 0-0 e5 8 e4} (14... b4 15. Nd5 Nxd5 16. Rxd5 Qe7 17. Rfd1 Rb6 18. Nf4 Bb7 19. R5d2 Nf6 20. Nd5 Bxd5 21. exd5 Qb7 22. Qb3 {½-½ (49) Henriquez Villagra,C (2474)-Bachmann,A (2614) Asuncion 2015}) 15. cxb5 axb5 16. Nf4 Ne5 17. Ncd5 Nxd5 18. Nxd5 Qa7 19. b4 {[%cal Rb4c5]} Nc4 20. Bg5 Re6 21. bxc5 h6 22. Bf4 {[#] aiming for cxd6.} Qxc5 23. h4 $146 Re8 {The position is equal.} 24. Qc1 Bb2 25. Qc2 Bg7 $1 26. Qc1 Bb2 27. Qc2 Bg7 $1 28. Qc1 {Accuracy: White = 32%, Black = 59%.} 1/2-1/2

[Event "Asian Zonal 3.3 Women 2019"]
[Site "Ulaanbaatar"]
[Date "2019.04.07"]
[Round "1.10"]
[White "Nomindalai, Tumurbaatar"]
[Black "Sihite, Chelsie Monica Igne"]
[Result "0-1"]
[WhiteElo "1958"]
[BlackElo "2227"]
[Annotator "TA"]
[PlyCount "78"]
[EventDate "2019.04.07"]
[EventType "swiss"]
[EventRounds "9"]
[EventCountry "MGL"]
[SourceTitle "playchess.com"]
[Source "ChessBase"]
[SourceQuality "1"]

{[%evp 9,78,0,0,13,8,-8,3,0,5,-6,-8,-4,8,-17,-14,-36,-31,-42,-29,-40,-38,-10,-9,-16,-10,-28,-26,-60,-51,-61,-56,-262,-256,-248,-255,-324,-310,-314,-304,-362,-352,-375,-356,-409,-400,-410,-368,-392,-330,-361,-352,-355,-351,-398,-381,-389,-383,-380,-379,-497,-501,-519,-514,-496,-430,-445,-407,-454,-448,-500,-492]} 1. d4 Nf6 2. Bf4 e6 3. e3 b6 4. Nd2 Bb7 5. Ngf3 Nh5 6. Bg5 {A47: 1 d4 Nf6 2 Nf3 b6: Torre, London and Colle Systems} Be7 7. h4 (7. Bxe7 Qxe7 8. e4 O-O 9. a4 a6 10. Ra3 d6 11. Bc4 Nf6 12. Bd3 e5 13. O-O Nbd7 {1-0 (61) Firouzja,A (2499)-Bruzon Batista,L (2653) Bandar e Anzali 2017}) 7... h6 8. Bxe7 {The position is equal.} Qxe7 9. Be2 $146 ({Predecessor:} 9. Rg1 Nf6 10. g4 d6 11. Bd3 e5 12. g5 Nfd7 13. gxh6 gxh6 14. dxe5 dxe5 {½-½ (31) Trebizan,D (2197)-Schmidt,H (2227) ICCF email 2009}) 9... d6 10. c3 Nd7 11. Qc2 Nhf6 12. O-O-O a6 13. Rhg1 Ng4 $1 14. Rdf1 O-O-O 15. Rh1 f5 16. Ne1 Ngf6 17. Qa4 Nb8 18. f3 Nh5 {Strongly threatening ...Ng3.} 19. Rh3 f4 $1 {[%cal Rf4e3]} 20. Nc2 $2 (20. e4 $15) 20... fxe3 $19 21. Nxe3 Nf4 {[%mdl 64] [#] Double Attack} 22. Re1 Nxh3 23. gxh3 Qxh4 {[%mdl 64] Double Attack} 24. Kd1 Qf4 25. Nc2 Rhf8 26. Nb4 a5 27. Nd3 Qf5 28. Nf2 Rf6 29. Nfe4 Bxe4 (29... Qxh3 $2 30. Nxf6 gxf6 31. Rg1 $17) 30. Nxe4 Rg6 ({Weaker is} 30... Qxh3 31. Nxf6 gxf6 32. Kc1 $17) 31. h4 Rg2 32. Nd2 Qf4 33. Nc4 e5 34. d5 Rf8 35. h5 Kd8 36. Qb5 Ke7 37. Nd2 Kf7 38. Ne4 {If White can now play Qc4 this consolidates a bit.} Kg8 39. Qd3 Nd7 {Accuracy: White = 29%, Black = 81%.} 0-1

[Event "Asian Zonal 3.3 Women 2019"]
[Site "Ulaanbaatar"]
[Date "2019.04.07"]
[Round "1.11"]
[White "Yanjinlkham, Bayarsaikhan"]
[Black "Enkhnasan, Namjiljav"]
[Result "1-0"]
[WhiteElo "1951"]
[BlackElo "1610"]
[Annotator "NA RC"]
[PlyCount "83"]
[EventDate "2019.04.07"]
[EventType "swiss"]
[EventRounds "9"]
[EventCountry "MGL"]
[SourceTitle "playchess.com"]
[Source "ChessBase"]
[SourceQuality "1"]
[TimeControl "40/5400+30:1800+30"]

1. d4 g6 2. c4 Bg7 3. Nc3 Nf6 4. Nf3 d6 5. g3 O-O 6. Bg2 Bf5 7. O-O c6 8. Bf4 Qb6 9. Qd2 Ne4 10. Nxe4 Bxe4 11. Rad1 Bxf3 12. Bxf3 Nd7 13. b3 Rad8 14. Bg5 Nf6 15. e4 e5 16. Be3 exd4 17. Bxd4 c5 18. Bc3 Rfe8 19. Ba5 Qc6 20. Bxd8 Rxd8 21. Qd3 Qb6 22. e5 Ne8 23. Rfe1 Qc7 24. Qd5 b6 25. Qc6 Bf8 26. Qxc7 Nxc7 27. exd6 Rxd6 28. Rxd6 Bxd6 29. Rd1 Be5 30. Rd7 Kf8 31. Bc6 a5 32. Kg2 Na6 33. Bd5 f6 34. a3 Nc7 35. f4 Nxd5 36. cxd5 Bb2 37. a4 h6 38. Rb7 Bd4 39. Kf3 h5 40. f5 gxf5 41. Kf4 h4 42. gxh4 1-0

[Event "Asian Zonal 3.3 Women 2019"]
[Site "Ulaanbaatar"]
[Date "2019.04.07"]
[Round "1.12"]
[White "Margadgua, Erdenebayar"]
[Black "Doan, Thi Hong Nhung"]
[Result "0-1"]
[WhiteElo "1585"]
[BlackElo "1938"]
[Annotator "NA RC"]
[PlyCount "86"]
[EventDate "2019.04.07"]
[EventType "swiss"]
[EventRounds "9"]
[EventCountry "MGL"]
[SourceTitle "playchess.com"]
[Source "ChessBase"]
[SourceQuality "1"]
[TimeControl "40/5400+30:1800+30"]

1. e4 c5 2. Nf3 d6 3. d4 cxd4 4. Nxd4 Nf6 5. Nc3 g6 6. Be3 Bg7 7. f3 Nc6 8. Qd2 O-O 9. Bc4 Bd7 10. O-O-O Rc8 11. Bb3 Ne5 12. Kb1 Nc4 13. Bxc4 Rxc4 14. g4 b5 15. Ndxb5 Qb8 16. Nd4 Rfc8 17. Nce2 Ba4 18. Rc1 Nd7 19. Nb3 Ne5 20. Ned4 Bd7 21. h4 a5 22. Qxa5 Ra4 23. Qe1 Qa8 24. a3 Nc4 25. h5 g5 26. h6 Be5 27. Rh5 f6 28. Rh1 Rb8 29. Rd1 Be8 30. Rd3 Bf7 31. Qc1 Kh8 32. Qe1 Qa6 33. Qf1 Ra8 34. Bc1 Qb6 35. Nf5 R8a7 36. Nfd4 Rb7 37. Qg1 Qc7 38. Rc3 Nxa3+ 39. bxa3 Qxc3 40. Bb2 Qc8 41. Qc1 Bxd4 42. Bxd4 Rxd4 43. Ka2 Rc4 0-1

[Event "Asian Zonal 3.3 Women 2019"]
[Site "Ulaanbaatar"]
[Date "2019.04.07"]
[Round "1.13"]
[White "Mungunzul, Bat-Erdene"]
[Black "Khongorzul, Davaakhuu"]
[Result "1-0"]
[WhiteElo "1906"]
[BlackElo "1568"]
[Annotator "NA RC"]
[PlyCount "75"]
[EventDate "2019.04.07"]
[EventType "swiss"]
[EventRounds "9"]
[EventCountry "MGL"]
[SourceTitle "playchess.com"]
[Source "ChessBase"]
[SourceQuality "1"]
[TimeControl "40/5400+30:1800+30"]

1. d4 d5 2. c4 c6 3. Nc3 Nf6 4. Nf3 a6 5. a4 Nbd7 6. Bg5 e6 7. e3 Bb4 8. Nd2 dxc4 9. Nxc4 h6 10. Bh4 g5 11. Bg3 Ne4 12. Qb3 Nxg3 13. hxg3 Be7 14. Ne4 Qc7 15. a5 f5 16. Nc3 Rb8 17. Na4 c5 18. Be2 g4 19. Rc1 Qc6 20. O-O h5 21. dxc5 h4 22. gxh4 Rxh4 23. Rfd1 Kf8 24. Nd6 Rh6 25. Qb4 Nf6 26. Qf4 Kg7 27. Nxf5+ exf5 28. Qxb8 Ne4 29. Nc3 g3 30. fxg3 Bg5 31. Qe5+ Kh7 32. Nxe4 Qxe4 33. Qxe4 fxe4 34. Rc3 Be6 35. Rd6 Be7 36. Rb6 Rg6 37. Bc4 Bxc4 38. Rxc4 1-0

[Event "Asian Zonal 3.3 Women 2019"]
[Site "Ulaanbaatar"]
[Date "2019.04.07"]
[Round "1.14"]
[White "Urangoo, Kherlenzorig"]
[Black "Mandukhai, Myagmarsuren"]
[Result "0-1"]
[WhiteElo "1475"]
[BlackElo "1902"]
[Annotator "NA RC"]
[PlyCount "96"]
[EventDate "2019.04.07"]
[EventType "swiss"]
[EventRounds "9"]
[EventCountry "MGL"]
[SourceTitle "playchess.com"]
[Source "ChessBase"]
[SourceQuality "1"]
[TimeControl "40/5400+30:1800+30"]

1. e4 e5 2. Nf3 Nc6 3. d4 exd4 4. Nxd4 Nf6 5. Nxc6 bxc6 6. e5 Qe7 7. Qe2 Nd5 8. c4 Nb6 9. b3 Qe6 10. Bb2 g6 11. g3 Bg7 12. Bg2 O-O 13. O-O Ba6 14. Re1 Rfe8 15. Nd2 Rab8 16. Ne4 Qe7 17. Qf3 Nxc4 18. Bd4 Nxe5 19. Qc3 Qb4 20. Qxb4 Rxb4 21. Bc3 Rbb8 22. Nc5 Nd3 23. Rxe8+ Rxe8 24. Bxg7 Nxc5 25. Bd4 Ne6 26. Be3 c5 27. Rd1 d6 28. Bd5 Nd8 29. Bf3 Bb7 30. Be2 Ne6 31. Bc4 Nd4 32. Bxd4 cxd4 33. f4 c5 34. Kf2 Re3 35. Re1 Rxe1 36. Kxe1 Be4 37. Kd2 d5 38. Bb5 a5 39. a3 f5 40. Bd7 Kf7 41. Bc6 c4 42. b4 c3+ 43. Ke1 axb4 44. axb4 d3 45. Ba4 Bf3 46. b5 Ke7 47. b6 Kd8 48. b7 Kc7 0-1

[Event "Asian Zonal 3.3 Women 2019"]
[Site "Ulaanbaatar"]
[Date "2019.04.07"]
[Round "1.15"]
[White "Ulziikhishigjargal, Ochirkhuyag"]
[Black "Anujin, Bat-Amgalan"]
[Result "1-0"]
[WhiteElo "1843"]
[BlackElo "1407"]
[Annotator "NA RC"]
[PlyCount "65"]
[EventDate "2019.04.07"]
[EventType "swiss"]
[EventRounds "9"]
[EventCountry "MGL"]
[SourceTitle "playchess.com"]
[Source "ChessBase"]
[SourceQuality "1"]
[TimeControl "40/5400+30:1800+30"]

1. e4 e6 2. d4 d5 3. Nd2 Nf6 4. e5 Nfd7 5. Bd3 c5 6. c3 Nc6 7. Ne2 cxd4 8. cxd4 f6 9. exf6 Nxf6 10. O-O Bd6 11. Nf3 Qc7 12. Bg5 O-O 13. Rc1 e5 14. dxe5 Bxe5 15. Nc3 Bxc3 16. Rxc3 Bg4 17. Be2 Rad8 18. h3 Bh5 19. Re1 d4 20. Nxd4 Qa5 21. Bxh5 Nxd4 22. Bxf6 Rxf6 23. Re8+ Rxe8 24. Bxe8 Qe5 25. Re3 Qd6 26. Ba4 Qb4 27. Re4 Rd6 28. Re8+ Kf7 29. Qh5+ Rg6 30. Qd5+ Ne6 31. Qd7+ Kf6 32. Rxe6+ Kg5 33. Qd5+ 1-0

[Event "Asian Zonal 3.3 Women 2019"]
[Site "Ulaanbaatar"]
[Date "2019.04.07"]
[Round "1.16"]
[White "Unurzul, Davaakhuu"]
[Black "Tsogzolmaa, Nanjid"]
[Result "1/2-1/2"]
[WhiteElo "1378"]
[BlackElo "1815"]
[Annotator "NA RC"]
[PlyCount "106"]
[EventDate "2019.04.07"]
[EventType "swiss"]
[EventRounds "9"]
[EventCountry "MGL"]
[SourceTitle "playchess.com"]
[Source "ChessBase"]
[SourceQuality "1"]
[TimeControl "40/5400+30:1800+30"]

1. e4 e6 2. Nf3 d5 3. exd5 exd5 4. d4 Nf6 5. Nc3 c5 6. Bb5+ Bd7 7. Bxd7+ Nbxd7 8. O-O Be7 9. Bg5 O-O 10. dxc5 Nxc5 11. Re1 Ne6 12. Bxf6 Bxf6 13. Nxd5 Bxb2 14. Rb1 Ba3 15. Rxb7 Bc5 16. Qd3 Qa5 17. Qe4 Rad8 18. Ne7+ Bxe7 19. Rxe7 Qxa2 20. Qg4 Qb2 21. Rxa7 Nd4 22. Nxd4 Rxd4 23. Qe2 Qc3 24. Re7 Rd2 25. Qe3 Qxe3 26. R7xe3 Rxc2 27. Re8 f5 28. Rxf8+ Kxf8 29. g3 Kf7 30. Kg2 Kf6 31. Re3 Rb2 32. Kf3 g5 33. h3 h5 34. Kg2 f4 35. gxf4 gxf4 36. Ra3 Rb5 37. Ra6+ Kg5 38. Ra8 Rb4 39. Ra5+ Kh4 40. Rf5 Ra4 41. Kf3 Ra3+ 42. Kxf4 Rxh3 43. f3 Rh1 44. Re5 Rb1 45. Ke3 Re1+ 46. Kf4 Rg1 47. Re2 Kh3 48. Ke5 Rg5+ 49. Kf6 Rb5 50. Re5 Rb3 51. Rxh5+ Kg3 52. Rf5 Rxf3 53. Rxf3+ Kxf3 1/2-1/2

[Event "Asian Zonal 3.3 Women 2019"]
[Site "Ulaanbaatar"]
[Date "2019.04.07"]
[Round "1.17"]
[White "Munkhzul, Davaakhuu"]
[Black "Khanyl, Chuluuntuya"]
[Result "1-0"]
[WhiteElo "1793"]
[BlackElo "1375"]
[Annotator "NA RC"]
[PlyCount "41"]
[EventDate "2019.04.07"]
[EventType "swiss"]
[EventRounds "9"]
[EventCountry "MGL"]
[SourceTitle "playchess.com"]
[Source "ChessBase"]
[SourceQuality "1"]
[TimeControl "40/5400+30:1800+30"]

1. e4 e6 2. d4 d5 3. Nd2 dxe4 4. Nxe4 Nd7 5. Nf3 Ngf6 6. Bd3 Nxe4 7. Bxe4 Nf6 8. Bd3 c5 9. O-O cxd4 10. Nxd4 Bc5 11. Nb3 Bb6 12. Bg5 O-O 13. Qf3 a6 14. Rad1 Qe7 15. Qg3 Rd8 16. Nd2 Ba7 17. Ne4 Nxe4 18. Bxe4 f6 19. Bh6 Bb8 20. Rxd8+ Qxd8 21. Qxg7# 1-0

[Event "Asian Zonal 3.3 Women 2019"]
[Site "Ulaanbaatar"]
[Date "2019.04.07"]
[Round "1.18"]
[White "Lkhagvajed, Gantulga"]
[Black "Enkhsaran, Batsaikhan"]
[Result "0-1"]
[WhiteElo "1344"]
[BlackElo "1792"]
[Annotator "NA RC"]
[PlyCount "128"]
[EventDate "2019.04.07"]
[EventType "swiss"]
[EventRounds "9"]
[EventCountry "MGL"]
[SourceTitle "playchess.com"]
[Source "ChessBase"]
[SourceQuality "1"]
[TimeControl "40/5400+30:1800+30"]

1. d4 d5 2. Nf3 Nf6 3. Bg5 Ne4 4. Bf4 c5 5. c3 Nc6 6. e3 Bf5 7. Nbd2 e6 8. Be2 Bd6 9. Bg3 O-O 10. O-O h6 11. dxc5 Nxc5 12. Nd4 Bg6 13. Nxc6 bxc6 14. c4 Nd3 15. b3 Ba3 16. Nf3 Nb4 17. Qd2 Nc2 18. Rad1 Bb4 19. Qc1 Ba3 20. Qd2 Nb4 21. Ne5 Bc2 22. Rde1 Bh7 23. c5 Qe7 24. Qc3 a5 25. Nf3 Rfc8 26. Bd6 Qa7 27. Nd4 Na6 28. Bxa6 Qxa6 29. Rd1 Bb4 30. Qb2 a4 31. a3 Ba5 32. b4 Bd8 33. Rfe1 Bf6 34. Qe2 Qb7 35. Qg4 Qd7 36. f3 Ra7 37. e4 e5 38. Nf5 Kh8 39. Ne3 dxe4 40. fxe4 Bg5 41. Qxd7 Bxe3+ 42. Rxe3 Rxd7 43. Rb1 f6 44. b5 cxb5 45. Rxb5 Bg8 46. Kf2 Bb3 47. Rexb3 axb3 48. Rxb3 Ra7 49. Rd3 Ra6 50. Rc3 Rca8 51. Ke2 Rxa3 52. Rxa3 Rxa3 53. c6 Rc3 54. c7 Rc6 55. Kf3 Kg8 56. Kg4 Kf7 57. Kh5 Ke6 58. Ba3 Rxc7 59. Kg4 g6 60. Bf8 h5+ 61. Kf3 Rc3+ 62. Ke2 Rc2+ 63. Kf3 f5 64. exf5+ Kxf5 0-1

[Event "Asian Zonal 3.3 Women 2019"]
[Site "Ulaanbaatar"]
[Date "2019.04.07"]
[Round "1.19"]
[White "Udval, Enkhsaikhan"]
[Black "Ng, Sau Wai"]
[Result "1-0"]
[WhiteElo "1761"]
[BlackElo "1154"]
[Annotator "NA RC"]
[PlyCount "63"]
[EventDate "2019.04.07"]
[EventType "swiss"]
[EventRounds "9"]
[EventCountry "MGL"]
[SourceTitle "playchess.com"]
[Source "ChessBase"]
[SourceQuality "1"]
[TimeControl "40/5400+30:1800+30"]

1. d4 c5 2. d5 f5 3. c4 Nf6 4. Nc3 d6 5. g3 Nbd7 6. Nh3 h6 7. Qa4 Nh5 8. Bg2 g5 9. e4 fxe4 10. Bxe4 Bg7 11. Bg6+ Kf8 12. Bxh5 Ne5 13. Ng1 Nd3+ 14. Ke2 Bf5 15. Bf3 Ne5 16. Be4 Bxe4 17. Nxe4 Kf7 18. f4 gxf4 19. Bxf4 Ng6 20. Rf1 Kg8 21. Qb3 Qd7 22. Qd3 Re8 23. Nc3 Nf8 24. Bd2 Qg4+ 25. Qf3 Qxc4+ 26. Ke1 Bf6 27. b3 Qd4 28. Nge2 Qe5 29. Qg4+ Bg5 30. h4 h5 31. Qxg5+ Qxg5 32. Bxg5 1-0

[Event "Asian Zonal 3.3 Women 2019"]
[Site "Ulaanbaatar"]
[Date "2019.04.08"]
[Round "2.1"]
[White "Nguyen, Thi Mai Hung"]
[Black "Munguntuul, Batkhuyag"]
[Result "1/2-1/2"]
[WhiteElo "2281"]
[BlackElo "2415"]
[Annotator "TA"]
[PlyCount "145"]
[EventDate "2019.04.07"]
[EventType "swiss"]
[EventRounds "9"]
[EventCountry "MGL"]
[SourceTitle "playchess.com"]
[Source "ChessBase"]
[SourceQuality "1"]

{[%evp 9,145,23,23,21,23,23,28,25,25,25,32,1,10,0,0,0,0,0,0,0,3,0,0,0,0,0,0,0,10,0,11,0,0,0,0,0,0,0,0,0,3,0,0,0,0,0,5,0,0,-2,-2,0,0,0,0,0,0,0,0,0,0,0,39,33,43,21,46,0,18,0,97,92,115,115,114,94,242,257,249,233,235,171,196,98,103,69,69,69,70,71,86,79,88,88,108,70,110,88,95,82,110,110,145,137,122,12,16,16,16,16,17,10,10,0,4,0,20,9,75,0,15,0,62,0,24,32,55,54,58,0,0,0,0,0,0,0,0,0]} 1. d4 d5 2. c4 e6 3. Nc3 a6 4. cxd5 exd5 5. Nf3 Nf6 6. Bg5 {D37: Queen's Gambit Declined: 5 Bf4} c6 7. Qc2 Be6 8. e3 {White has an edge.} Nbd7 9. Bd3 Bd6 10. O-O Qc7 11. Rfe1 h6 $146 ({Predecessor:} 11... O-O 12. a3 Bg4 13. Bh4 Bh5 {0-1 (35) Mamedyarov,S (2817)-Maghsoodloo,P (2688) St Petersburg 2018}) 12. Bh4 O-O 13. Bg3 Bxg3 14. hxg3 Rfe8 15. Rec1 Qd6 16. Nd2 Rec8 17. Na4 b6 18. b3 a5 19. Qb2 Ng4 20. Rc3 (20. Rc2 {looks sharper.} b5 21. Nc3 a4 22. Qc1 Ndf6 23. Ne2) 20... b5 21. Nc5 Nxc5 22. Rxc5 Ne5 23. Bb1 Nd7 24. Rc1 c5 25. dxc5 Nxc5 26. Nf3 b4 27. Bc2 Rc7 28. Rd1 Rac8 29. Rd2 Qe7 30. Nd4 Qf6 31. Qb1 Bd7 32. a3 bxa3 33. Qa2 $1 ({Much worse is} 33. Rxa3 Ne4 $1 $17 {[%mdl 512]}) 33... Ne6 34. Bd1 $1 Ng5 {Threatens to win with ...Ne4.} 35. Bf3 Nxf3+ 36. gxf3 Rc3 37. Kg2 a4 38. bxa4 R8c5 39. Rb1 Bxa4 (39... Qa6 $11) 40. Ne2 $16 Rc2 41. Rxc2 Rxc2 42. Qxa3 {Black must now prevent Rb8+.} Qe5 (42... Bd7 $16) 43. Nd4 $18 ({Weaker is} 43. Qxa4 Rxe2 44. Qd7 Rc2 $16) 43... Rc4 44. Rb7 h5 45. Ra7 Bc6 46. Qa5 (46. Qb3 $18) 46... Ra4 $16 47. Qd8+ Qe8 48. Qxe8+ Bxe8 $14 {[%mdl 4096] Endgame KRB-KRN} 49. Re7 Kf8 50. Re5 g6 51. Rxd5 Ra8 52. f4 Kg7 53. Rc5 Ra7 54. e4 Bd7 55. f5 Ra4 56. Rd5 Bc8 57. Kf3 (57. fxg6 $16 fxg6 58. Kf3) 57... g5 $1 $11 58. Nc2 Rc4 59. Ne3 Rb4 60. Rc5 Bb7 61. Rc4 Rb2 62. Rd4 Ra2 63. Rb4 Ba8 {[#]} (63... Ba6 $1 $11 {remains equal.}) 64. Rd4 (64. Nc4 $1 $16) 64... Bb7 65. Rb4 Ba8 66. Rd4 Bb7 67. Nc4 Ra4 68. Ke3 Ba6 69. Ne5 (69. Nd6 $1 $14 Ra3+ 70. Kd2) 69... Ra3+ {The position is equal.} 70. Kd2 $1 {Hoping for Rd7.} Ra2+ 71. Ke3 Ra3+ 72. Kd2 $1 {And now Rd7 would win.} Ra2+ 73. Ke3 {Accuracy: White = 60%, Black = 66%.} 1/2-1/2

[Event "Asian Zonal 3.3 Women 2019"]
[Site "Ulaanbaatar"]
[Date "2019.04.08"]
[Round "2.2"]
[White "Sihite, Chelsie Monica Igne"]
[Black "Hoang, Thi Bao Tram"]
[Result "1/2-1/2"]
[WhiteElo "2227"]
[BlackElo "2298"]
[Annotator "TA"]
[PlyCount "107"]
[EventDate "2019.04.07"]
[EventType "swiss"]
[EventRounds "9"]
[EventCountry "MGL"]
[SourceTitle "playchess.com"]
[Source "ChessBase"]
[SourceQuality "1"]

{[%evp 26,107,28,30,33,25,45,0,11,0,0,0,0,-54,-47,-46,-51,-35,-43,-45,-45,-58,-52,-52,-36,-51,-39,-39,-7,-73,-76,-91,-81,-81,0,-77,-86,-93,-72,-90,-93,-91,-83,-74,-76,-95,-18,-180,-180,-258,-257,-254,-256,-461,-302,-285,-281,-248,-207,-204,-131,-122,-122,-137,-80,-111,-78,-71,-35,-33,0,-78,-29,-70,0,0,0,0,0,0,0,0,0,0]} 1. e4 c6 2. d4 d5 3. Nc3 dxe4 4. Nxe4 Bf5 5. Ng3 Bg6 6. h4 h6 7. h5 Bh7 8. Nf3 e6 9. Bd3 Bxd3 10. Qxd3 Nd7 11. Bd2 Ngf6 12. O-O-O Bd6 13. Ne4 Nxe4 14. Qxe4 Qe7 {B19: Classical Caro-Kann: 4...Bf5 main line} (14... Nf6 15. Qe2 Bc7 16. Kb1 Qd5 17. c4 Qe4+ 18. Qxe4 Nxe4 19. Be1 O-O-O 20. Kc2 Rhe8 21. Ne5 f6 22. Ng6 {½-½ (32) Kovalev,V (2640)-Shimanov,A (2646) Saint Louis 2017}) 15. Ne5 O-O-O 16. Rh3 Nxe5 $146 ({Predecessor:} 16... Nf6 17. Qe2 Kb8 18. Rb3 Ka8 19. Ba5 Rc8 20. Nc4 Bf4+ 21. Kb1 Nd5 22. Ne5 Bxe5 23. dxe5 {1-0 (38) Prochazka,P (1965)-Berg,A (1808) Ricany 2012}) 17. dxe5 Bc5 18. Qe2 Rd5 19. Rd3 (19. c4 $11 Rd7 20. Be3) 19... Rxd3 $15 20. cxd3 Bd4 21. Kb1 Rd8 22. f4 Rd5 23. Be3 Qh4 24. Bc1 Rb5 25. g4 a5 26. Rd2 $1 Qg3 27. Rc2 (27. Qg2 $1 $11 Qh4 28. Qf3) 27... Rd5 $17 28. Rc4 Bb6 29. Kc2 Bd4 30. Kb1 Kd7 31. a4 b5 $36 {[%mdl 2048] Black is really pushing.} 32. axb5 cxb5 33. Rc2 Bb6 34. d4 Bxd4 35. g5 hxg5 ({Black should play} 35... Qh3 $17 {Hoping for ...hxg5.} 36. gxh6 gxh6) 36. fxg5 $2 (36. h6 $1 $11 {and White has nothing to worry.} gxh6 37. Qh5) 36... Qxe5 $19 37. Qg2 (37. Qf3 $142 Qf5 38. Qxf5 Rxf5 39. Rh2) 37... Qf5 38. Ka2 a4 39. h6 $2 (39. Qh2 {was the only defense.}) 39... gxh6 40. gxh6 b4 41. Rc4 b3+ 42. Ka3 {If White can now play Qg8 this consolidates a bit.} Qd3 43. Kb4 {With the idea Qg8.} Bf6 {( -> ...Be7+)} 44. Qe4 {[#]} Qxe4 (44... a3 $142 $1 45. Kxa3 (45. bxa3 Qd1) 45... Be7+ 46. Ka4 f5 47. Qxd3 Rxd3) 45. Rxe4 $17 {[%mdl 4096] Endgame KRB-KRB} Rh5 46. Kxa4 Rh3 47. Rb4 Rh1 48. Rc4 (48. Rb7+ $11 {keeps the balance.} Ke8 49. Rb8+ Ke7 50. Rb7+ Ke8 51. Rb8+ Ke7 52. Rb7+ Ke8) 48... Be7 {...e5 is the strong threat.} 49. Kxb3 Bf8 (49... e5 $15 50. Bd2 Rh2) 50. Bf4 $1 $11 {The position is equal.} Bxh6 51. Rc7+ Kd8 52. Rxf7 {[#] Threatens to win with Rh7.} Bxf4 53. Rxf4 Ke7 54. Kc2 {Accuracy: White = 44%, Black = 57%.} 1/2-1/2

[Event "Asian Zonal 3.3 Women 2019"]
[Site "Ulaanbaatar"]
[Date "2019.04.08"]
[Round "2.3"]
[White "Aulia, Medina Warda"]
[Black "Le, Thanh Tu"]
[Result "1-0"]
[WhiteElo "2362"]
[BlackElo "2220"]
[Annotator "TA"]
[PlyCount "103"]
[EventDate "2019.04.07"]
[EventType "swiss"]
[EventRounds "9"]
[EventCountry "MGL"]
[SourceTitle "playchess.com"]
[Source "ChessBase"]
[SourceQuality "1"]

{[%evp 10,103,47,27,27,37,43,40,34,29,33,-6,28,25,31,35,24,27,30,-5,0,0,5,-81,0,0,0,-7,64,57,52,57,49,52,77,73,110,72,83,79,71,75,75,35,82,34,101,93,123,115,161,159,222,246,234,248,220,206,271,275,289,262,304,204,237,100,150,113,231,169,228,213,304,279,468,474,449,370,455,420,1445,870,868,854,851,828,559,381,391,364,508,508,508,463,446,446]} 1. e4 Nf6 2. e5 Nd5 3. d4 d6 4. c4 Nb6 5. exd6 exd6 6. h3 Be7 {B03: Alekhine's Defence: Four Pawns Attack} 7. Nf3 O-O 8. Be2 Bf6 {White is slightly better.} 9. O-O Be6 10. d5 $146 ({Predecessor:} 10. Qc2 d5 11. c5 Nc8 12. b4 Nc6 13. Qc3 a6 14. a4 {0-1 (83) Inarkiev,E (2707)-Shimanov,A (2600) Tyumen 2012}) 10... Bf5 11. Nd4 Bg6 12. Nc3 Re8 13. Be3 Na6 {[%cal Bb8a6,Ba6c5,Bc5d7,Bd7b6][%mdl 32]} 14. a4 Nd7 15. a5 Ndc5 16. Na2 (16. Ncb5 $11 {remains equal.}) 16... Ne4 (16... Rxe3 $1 $17 17. fxe3 Qe7) 17. Bg4 $11 Nac5 {Hoping for ...Ng3!} 18. b4 {[#]} Bxd4 (18... Ng3 $1 $11 {[%mdl 512]} 19. bxc5 (19. fxg3 $2 Rxe3 20. Nf5 Bxf5 $17) 19... Nxf1 20. Qxf1 dxc5) 19. Bxd4 $14 Nd7 20. a6 bxa6 21. Nc3 Nb6 22. Nxe4 ({Much weaker is} 22. Rxa6 Nxc4 23. Re1 Nb2 $11) 22... Bxe4 23. Be2 Qg5 {[%csl Ge4][%cal Rg5g2]} 24. f3 {[%mdl 1024] White has strong compensation.} Bf5 {[#]} 25. f4 $1 $36 {[%cal Rf4g5][%mdl 2048] White has strong initiative.} Qh4 26. Bf2 Qe7 27. Ra2 Rad8 (27... a5 $14) 28. Kh2 $16 Be4 29. Bd4 f5 30. Rf2 c6 (30... Rb8 $16 {keeps fighting.} 31. Rxa6 Rb7) 31. dxc6 $18 ({Weaker is} 31. Rxa6 cxd5 32. c5 dxc5 $16) 31... Bxc6 32. Rxa6 Qb7 33. Ra3 {And now Bxg7! would win.} Re7 34. Rg3 Rdd7 35. Bf1 Be4 36. Qh5 Qc8 {[#]} 37. Rc3 (37. Rd2 $1 $18 {is more deadly.}) 37... Rc7 {[%cal Rb6c4]} 38. Qh4 Rcd7 (38... Red7 $16) 39. Ra2 h6 (39... Rf7 {was called for.} 40. Raa3 Qd8 41. Qxd8+ Rxd8) 40. Rg3 Kf8 (40... Re6 $142 41. Rga3 Qb8) 41. Raa3 Qe8 $2 (41... Re6 42. Qh5 d5) 42. c5 dxc5 43. Bxc5 Kg8 {If Black can now play ...Re6 this consolidates a bit.} 44. Qxh6 Rd1 (44... Re6 $142 45. Qg5 Qf7) 45. Bxb6 axb6 46. Bc4+ Bd5 47. Bxd5+ Rxd5 48. Qxb6 Rdd7 49. Rad3 Rxd3 50. Rxd3 {White is clearly winning.} Kh7 51. Qc5 Rf7 52. Re3 {Accuracy: White = 67%, Black = 18%.} 1-0